[Event "SuperBad Blunder-filled Blitz"]
[Site "SchemingMind.com"]
[Date "2014.10.24"]
[Round "-"]
[White "The Stonewall"]
[Black "BigDoggProblem"]
[Result "1-0"]
[WhiteCountry "ENG"]
[BlackCountry "USA"]
[WhiteElo "2276"]
[WhiteRD "88"]
[BlackElo "1868"]
[BlackRD "73"]
[GameID "367468"]

1. d4 Nf6 2. c4 c5 3. d5 b5 4. cxb5 a6 5. f3 axb5 6. e4 Ba6 7. e5 Ng8 8. f4 Qa5+ 9. Bd2 b4 10. Bxa6 Qxa6
11. Be3 c4 12. Nf3 g6 13. O-O Bg7 14. Nbd2 Nh6 15. Qc2 Nf5 16. Nxc4 Nxe3 17. Nxe3 O-O 18. a4 Rc8 19. Qe4 d6 20. Qxb4 Nd7
21. Nd4 dxe5 22. Nc6 Kf8 23. Qxe7+
1-0

[Event "SuperBad Blunder-filled Blitz"]
[Site "SchemingMind.com"]
[Date "2014.10.20"]
[Round "-"]
[White "The Stonewall"]
[Black "e7e5"]
[Result "1-0"]
[WhiteCountry "ENG"]
[BlackCountry "POL"]
[WhiteElo "2293"]
[WhiteRD "93"]
[BlackElo "1431"]
[BlackRD "76"]
[GameID "367469"]

1. e4 e5 2. Bc4 Nf6 3. d4 exd4 4. Nf3 d6 5. Qxd4 Nc6 6. Qd3 Nb4 7. Qb3 Nxc2+ 8. Qxc2 Be6 9. Bxe6 fxe6 10. Nc3 Qd7
11. O-O Qe7 12. Bg5 h6 13. Bxf6 gxf6 14. Rac1 Bg7 15. Nh4 Qf7 16. f4 a6 17. f5 c6 18. Ng6 Rg8 19. Nf4 e5 20. Ne6 Kd7
21. Na4 Bf8 22. Nb6+
1-0

[Event "SuperBad Blunder-filled Blitz"]
[Site "SchemingMind.com"]
[Date "2014.10.20"]
[Round "-"]
[White "e7e5"]
[Black "The Stonewall"]
[Result "0-1"]
[WhiteCountry "POL"]
[BlackCountry "ENG"]
[WhiteElo "1420"]
[WhiteRD "75"]
[BlackElo "2276"]
[BlackRD "88"]
[GameID "367470"]

1. b4 d6 2. Bb2 e5 3. e4 f5 4. d4 exd4 5. Bxd4 Nc6 6. Bc3 fxe4 7. b5 Nce7 8. Bc4 Bf5 9. Ne2 d5 10. Bb3 Qd7
11. a4 Nf6 12. Nd4 Bg4 13. Qd2 c5 14. Ne2 d4 15. Bb2 Ned5 16. c4 e3 17. fxe3 Nxe3 18. Nxd4 cxd4 19. Bxd4 Nxg2+ 20. Qxg2 Qxd4
21. Ra2 Bb4+ 22. Nd2 Qe3+ 23. Kf1 O-O
0-1

[Event "SuperBad Blunder-filled Blitz"]
[Site "SchemingMind.com"]
[Date "2014.10.24"]
[Round "-"]
[White "The Stonewall"]
[Black "emvarela"]
[Result "1-0"]
[WhiteCountry "ENG"]
[BlackCountry "ARG"]
[WhiteElo "2276"]
[WhiteRD "88"]
[BlackElo "1686"]
[BlackRD "48"]
[GameID "367471"]

1. e4 e5 2. Nf3 Nc6 3. c3 Nf6 4. d4 exd4 5. e5 Nd5 6. Qb3 Nb6 7. cxd4 Bb4+ 8. Nc3 Bxc3+ 9. bxc3 d5 10. a4 a5
11. Ba3 Qd7 12. Bd3 Ne7 13. Bb5 c6 14. Bd3 O-O 15. Qxb6
1-0

[Event "SuperBad Blunder-filled Blitz"]
[Site "SchemingMind.com"]
[Date "2014.10.24"]
[Round "-"]
[White "emvarela"]
[Black "The Stonewall"]
[Result "0-1"]
[WhiteCountry "ARG"]
[BlackCountry "ENG"]
[WhiteElo "1686"]
[WhiteRD "48"]
[BlackElo "2276"]
[BlackRD "88"]
[GameID "367472"]

1. e4 c5 2. Nf3 Nc6 3. d4 cxd4 4. Nxd4 g6 5. Be3 Bg7 6. Nxc6 bxc6 7. c3 Nf6 8. Bd4 O-O 9. Bxf6 Bxf6 10. Nd2 Rb8
11. Qc2 d5
0-1

[Event "SuperBad Blunder-filled Blitz"]
[Site "SchemingMind.com"]
[Date "2014.10.24"]
[Round "-"]
[White "The Stonewall"]
[Black "Scooter"]
[Result "1-0"]
[WhiteCountry "ENG"]
[BlackCountry "USA"]
[WhiteElo "2276"]
[WhiteRD "88"]
[BlackElo "1761"]
[BlackRD "48"]
[GameID "367473"]

1. d4 Nf6 2. c4 g6 3. Nc3 Bg7 4. e4 d6 5. Be2 O-O 6. f4 c5 7. Nf3 Bg4 8. d5 Bxf3 9. Bxf3 a6 10. a4 Nfd7
11. O-O e5 12. f5 Nf6 13. Be3 Nbd7 14. Qd2 Rb8 15. g4 Kh8 16. g5
1-0

[Event "SuperBad Blunder-filled Blitz"]
[Site "SchemingMind.com"]
[Date "2014.10.24"]
[Round "-"]
[White "Scooter"]
[Black "The Stonewall"]
[Result "0-1"]
[WhiteCountry "USA"]
[BlackCountry "ENG"]
[WhiteElo "1761"]
[WhiteRD "48"]
[BlackElo "2276"]
[BlackRD "88"]
[GameID "367474"]

1. d4 e6 2. Nf3 f5 3. Bg5 Be7 4. Bxe7 Qxe7 5. e3 Nf6 6. Be2 b6 7. O-O Bb7 8. Nbd2 O-O 9. a3 d6 10. c4 Nbd7
11. b4 a5 12. h3 e5 13. dxe5 dxe5 14. Qb3 c5 15. bxa5 Rxa5 16. Rfd1 Bc6 17. Qb1 e4 18. Ne1 Rfa8 19. Qb2 Ba4 20. Nc2 Bxc2
21. Qxc2 Rxa3 22. Rxa3 Rxa3
0-1

[Event "SuperBad Blunder-filled Blitz"]
[Site "SchemingMind.com"]
[Date "2014.10.24"]
[Round "-"]
[White "The Stonewall"]
[Black "Ramesh Panwar"]
[Result "0-1"]
[WhiteCountry "ENG"]
[BlackCountry "IND"]
[WhiteElo "2263"]
[WhiteRD "88"]
[BlackElo "2279"]
[BlackRD "51"]
[GameID "367475"]

1. d4 d5 2. c4 e6 3. Nf3 Nc6 4. g3 Nf6 5. Bg2 Bb4+ 6. Bd2 Be7 7. Qc2 O-O 8. O-O Ne4 9. e3 Nd6 10. Na3 Ne4
11. Nb5 Nxd2 12. Nxd2 Nb4 13. Qb3 c6 14. Nc3 b6 15. a3 Na6 16. Rac1 Nc7 17. Qc2 Bb7 18. Rfd1 Rb8 19. Qa4 a6 20. Nf3 b5
21. cxb5 axb5 22. Qc2 b4 23. axb4 Bxb4 24. Na4 Na6 25. Ne5 Bd6 26. Nd3 Ba8 27. Bf1 Nb4 28. Qd2 Nxd3 29. Bxd3 e5 30. Nc5 Qe7
31. Qc3 f5 32. Re1 e4 33. Be2 Bxc5 34. dxc5 Qb7 35. Rc2 g5 36. Ra1 Qg7 37. Qxg7+ Kxg7 38. Ra7+ Rf7 39. Ra6 f4 40. Bh5 Rff8
41. Bg4 Rb3 42. Ra7+ Bb7 43. Rd2 f3 44. Kf1 Kg6 45. Ke1 h5 46. Bh3 Kf6 47. Kd1 Ra8 48. Rxa8 Bxa8 49. Bf1 Rb7 50. Kc2 Ra7
51. Kb1 Ke5 52. Rd4 Bb7 53. Rb4 h4 54. Rd4 Ba6 55. Bxa6 Rxa6 56. g4 Ra5 57. Rb4 Rxc5 58. Rb8 Rb5 59. Rg8 Kf6 60. Rc8 c5
61. Rf8+ Ke6 62. Re8+ Kd6 63. Rd8+ Kc6 64. Re8 Rb7 65. Kc2 Ra7 66. Kb1 Kb5 67. b3 c4 68. Kb2 cxb3 69. Kxb3 Ra1 70. Kc3 Ra2
0-1

[Event "SuperBad Blunder-filled Blitz"]
[Site "SchemingMind.com"]
[Date "2014.10.24"]
[Round "-"]
[White "Ramesh Panwar"]
[Black "The Stonewall"]
[Result "1/2-1/2"]
[WhiteCountry "IND"]
[BlackCountry "ENG"]
[WhiteElo "2207"]
[WhiteRD "52"]
[BlackElo "2276"]
[BlackRD "88"]
[GameID "367476"]

1. e4 c5 2. Nc3 g6 3. Bc4 Bg7 4. Qf3 e6 5. Nb5 d6 6. Qg3 Be5 7. f4 Bf6 8. Nf3 Nc6 9. O-O a6 10. Nxd6+ Qxd6
11. e5 Qc7 12. exf6 b5 13. Be2 Nxf6 14. a4 Rb8 15. Rb1 Nh5 16. Qf2 Nxf4 17. Bd1 c4 18. Ng5 f6 19. Ne4 f5 20. Nf6+ Kf7
21. d4 Nh3+ 22. gxh3 Kxf6 23. Bf4 e5 24. dxe5+ Nxe5 25. Qh4+ Kg7 26. Qh6+ Kf6 27. Re1 Re8 28. Rxe5 Rxe5 29. Qf8+ Ke6 30. Qe8+ Kf6
31. Qf8+ Ke6 32. Qe8+ Kf6 33. Qf8+ Ke6 34. Qe8+ Kf6 35. Qf8+=
1/2-1/2